| 000 | 01951cam a22004934a 4500 | ||
|---|---|---|---|
| 001 | muse33604 | ||
| 003 | MdBmJHUP | ||
| 005 | 20210127151044.0 | ||
| 006 | m o d | ||
| 007 | cr||||||||nn|n | ||
| 008 | 080905s2009 ohu o 00 0 eng d | ||
| 010 | _z 2008039125 | ||
| 020 | _a9780814271650 | ||
| 020 | _a0814271650 | ||
| 020 | _z9780814207413 (cloth : alk. paper) | ||
| 020 | _z0814207413 (cloth : alk. paper) | ||
| 035 | _a(OCoLC)681507786 | ||
| 040 |
_aMdBmJHUP _cMdBmJHUP |
||
| 043 | _an-us--- | ||
| 050 | 0 | 4 |
_aPE2809 _b.R53 2009 |
| 082 | 0 |
_a427/.973 _222 |
|
| 100 | 1 | _aRichards, Page. | |
| 245 | 1 | 0 |
_aDistancing English _bA Chapter in the History of the Inexpressible / _cPage Richards. |
| 264 | 1 | _bOhio State University Press, | |
| 264 | 3 | _bProject MUSE, | |
| 300 | _a1 online resource (viii, 178 p.) | ||
| 504 | _aIncludes bibliographical references (p. 153-168) and index. | ||
| 505 | 0 | _aA tale of two languages and Whitman's preface -- The inexpressible -- Framing -- Translating English into English and "damned serious humour" -- The inexpressible and the thing itself. | |
| 506 | 0 |
_aOpen Access _fUnrestricted online access _2star |
|
| 588 | _aDescription based on print version record. | ||
| 650 | 0 |
_aLiterature and society _zUnited States _xHistory. |
|
| 650 | 0 |
_aAmerican literature _xForeign influences. |
|
| 650 | 0 |
_aEnglish language _zUnited States _xHistory. |
|
| 655 | 7 |
_aElectronic books. _2local |
|
| 710 | 2 |
_aProject Muse. _edistributor |
|
| 830 | 0 | _aBook collections on Project MUSE. | |
| 856 | 4 | 0 |
_zFull text available: _uhttps://muse.jhu.edu/book/27806/ |
| 945 | _aProject MUSE - Archive Complete Supplement III | ||
| 945 | _aProject MUSE - Archive Language and Linguistics Supplement II | ||
| 999 |
_c24436 _d24436 |
||